[Event "Bartis Memorial A 9198"]
[Site "Bartis Memorial A 9198"]
[Date "1995.??.??"]
[Round "?"]
[White "Jezek, Jaroslav"]
[Black "Elwert, Hans-Marcus"]
[Result "0-1"]
[WhiteElo "2500"]
[BlackElo "2680"]
[PlyCount "100"]
[EventDate "1995.??.??"]
[Source "www.chesslib.no"]
[SourceDate "2004.05.04"]

1. c4 e5 2. Nc3 Nc6 3. Nf3 Nf6 4. e4 Bb4 5. d3 d6 6. g3 Bc5 7. Bg2 Nd4 8. h3 Be6 9. Be3 Nxf3+ 10. Qxf3 Nd7 11. Qe2 c6 12. Bxc5 dxc5 13. a3 Qe7 14. O-O f6 15. Rfb1 O-O 16. b4 a6 17. b5 cxb5 18. cxb5 a5 19. b6 a4 20. Nd5 Bxd5 21. exd5 Qd6 22. Rb5 Ra6 23. Rab1 f5 24. f4 Re8 25. Qe3 h6 26. R1b2 Re7 27. fxe5 Rxe5 28. Qf4 g5 29. Qf2 Ra8 30. Rc2 Rae8 31. Rbb2 Re3 32. Re2 f4 33. gxf4 gxf4 34. Rxe3 Rxe3 35. Re2 Qe5 36. Rxe3 fxe3 37. Qe2 Qa1+ 38. Kh2 Qe5+ 39. Kg1 Nxb6 40. d6 Kf7 41. Qf3+ Ke6 42. Kf1 Nd7 43. Ke2 b5 44. Qc6 Qg3 45. Qd5+ Kf6 46. Qf3+ Qxf3+ 47. Bxf3 b4 48. Kxe3 c4 49. Kd2 bxa3 50. Kc1 cxd3 0-1

[Event "Wall Street 5'"]
[Site "New York, NY USA"]
[Date "1993.??.??"]
[Round "1.1"]
[White "Rohde, Michael A"]
[Black "Wolff, Patrick G"]
[Result "0-1"]
[WhiteElo "2595"]
[BlackElo "2580"]
[PlyCount "66"]
[EventDate "1993.??.??"]
[Source "www.chesslib.no"]
[SourceDate "2004.05.04"]

1. c4 e5 2. Nc3 Nf6 3. Nf3 Nc6 4. e4 Bb4 5. d3 a6 6. g3 b5 7. cxb5 axb5 8. Bg2 d6 9. O-O Bxc3 10. bxc3 O-O 11. Ne1 Be6 12. a3 d5 13. Bg5 d4 14. cxd4 Nxd4 15. f4 Bb3 16. Qd2 Qd6 17. fxe5 Qxe5 18. Bxf6 gxf6 19. Qf2 Ra6 20. Nf3 Nxf3+ 21. Qxf3 c5 22. Bh3 Rd8 23. Bf5 Be6 24. Qg4+ Kh8 25. Rad1 Rxa3 26. Qh4 Bxf5 27. Rxf5 Qd4+ 28. Kg2 Rg8 29. Rxf6 Rg7 30. Rb6 Ra2+ 31. Kh3 Qd7+ 32. g4 Qc7 33. Rh6 Qxh2# 0-1

[Event "Mind Sports Games - Blitz Pair"]
[Site "Pechino CINA"]
[Date "2008.10.08"]
[Round "6"]
[White "Reinderman, D."]
[Black "Socko, B."]
[Result "1-0"]
[WhiteElo "2543"]
[BlackElo "2631"]
[PlyCount "69"]
[EventDate "2008.10.08"]
[Source "www.chesslib.no"]
[SourceDate "2004.05.04"]

1. c4 e5 2. Nc3 Nf6 3. Nf3 Nc6 4. e4 Bc5 5. Nxe5 Nxe5 6. d4 Bxd4 7. Qxd4 d6 8. Be2 O-O 9. O-O Re8 10. f3 Be6 11. b3 h6 12. Bb2 a6 13. Rad1 Qe7 14. Rfe1 Rad8 15. Nd5 Nxd5 16. cxd5 Bc8 17. f4 f5 18. fxe5 dxe5 19. Qc3 f4 20. Rc1 Rd7 21. Bg4 Rdd8 22. Bxc8 Rxc8 23. Rc2 c5 24. Rec1 b6 25. Qd3 Qd6 26. b4 Rf8 27. bxc5 bxc5 28. Ba3 Qg6 29. Bxc5 Rfd8 30. Be7 Rxc2 31. Qxc2 Re8 32. d6 Qg4 33. Qd1 f3 34. Qxf3 Qe6 35. Qb3 1-0

[Event "Garmisch"]
[Site "Garmisch"]
[Date "1994.??.??"]
[Round "2"]
[White "Hertneck, Gerald"]
[Black "Kindermann, Stefan"]
[Result "0-1"]
[WhiteElo "2605"]
[BlackElo "2560"]
[PlyCount "102"]
[EventDate "1994.??.??"]
[Source "ChessBase"]

1. c4 Nf6 2. Nc3 e5 3. Nf3 Nc6 4. e4 Bb4 5. d3 d6 6. Be2 Bg4 7. O-O h6 8. Nh4 Be6 9. Nf5 Bxf5 10. exf5 Qd7 11. Bf3 O-O 12. g4 Bxc3 13. bxc3 Rfe8 14. Bg2 e4 15. Rb1 Rab8 16. d4 Na5 17. Qe2 Qc6 18. Rb4 d5 19. c5 b6 20. cxb6 cxb6 21. Bd2 Qd7 22. h4 h5 23. g5 Ng4 24. f3 exf3 25. Qxf3 Rbd8 26. g6 Nc4 27. gxf7+ Qxf7 28. Bg5 Rd7 29. Rbb1 Nce3 30. Rfe1 Nxg2 31. Rxe8+ Qxe8 32. Kxg2 Rf7 33. Rf1 Qd7 34. Qe2 Rxf5 35. Rxf5 Qxf5 36. Qe8+ Qf8 37. Qxf8+ Kxf8 38. Kf3 Kf7 39. Ke2 b5 40. Kd3 Ke6 41. Kc2 Nf2 42. Kb3 Ne4 43. Bf4 Kf5 44. Be5 g5 45. hxg5 h4 46. Kb4 h3 47. Kxb5 Nxc3+ 48. Ka6 Nxa2 49. Kxa7 Kxg5 50. Kb6 Nc3 51. Kc5 Kg4 0-1

[Event "Boston"]
[Site "?"]
[Date "1994.??.??"]
[Round "?"]
[White "Rohde, M."]
[Black "Wolff, P."]
[Result "0-1"]
[WhiteElo "2550"]
[BlackElo "2595"]
[PlyCount "144"]
[EventDate "1994.??.??"]
[Source "ChessBase"]
[SourceDate "1994.06.01"]

1. c4 e5 2. Nc3 Nf6 3. Nf3 Nc6 4. e4 Bb4 5. d3 O-O 6. Be2 d6 7. O-O Bxc3 8. bxc3 Nd7 9. Ne1 Nc5 10. f4 exf4 11. Bxf4 f5 12. exf5 Bxf5 13. Nc2 Qe7 14. Qd2 Rae8 15. Rae1 Ne5 16. Nb4 Qd7 17. Bxe5 dxe5 18. Qe3 Qd6 19. Bf3 c6 20. d4 Nd7 21. c5 Qg6 22. Be2 exd4 23. Qxd4 Kh8 24. Bd3 Rxe1 25. Rxe1 a5 26. Bxf5 Qxf5 27. Nd3 h6 28. h3 Rf7 29. Kh2 Kh7 30. Re3 Nf6 31. Rf3 Qd5 32. Qxd5 cxd5 33. Rf5 Rc7 34. Re5 Kg6 35. Re6 Kf7 36. Rb6 Ne4 37. Rb5 a4 38. c4 dxc4 39. Ne5+ Ke8 40. Nxc4 Rxc5 41. Rb4 b5 42. Ne3 Nd6 43. Kg3 Kd7 44. Kf4 Kc6 45. h4 Nc4 46. Nf5 Ne5 47. Ke4 Nd7 48. Nxg7 Rc2 49. Nf5 Rxa2 50. Nd4+ Kc5 51. Rxb5+ Kc4 52. Rb1 Nc5+ 53. Ke5 Nd3+ 54. Ke4 Rxg2 55. Nf5 Rg4+ 56. Ke3 Kc3 57. Nd6 Nb2 58. Nb5+ Kc2 59. Rh1 Nc4+ 60. Kf3 h5 61. Rh2+ Kb3 62. Rh1 Kc2 63. Rh2+ Kd3 64. Kf2 Rf4+ 65. Ke1 Re4+ 66. Kd1 Ne3+ 67. Kc1 Rc4+ 68. Kb1 Rb4+ 69. Rb2 Rxh4 70. Nc7 Nd1 71. Rg2 Nc3+ 72. Kb2 Rb4+ 0-1

[Event "Bartis Memorial A 9198"]
[Site "Bartis Memorial A 9198"]
[Date "1994.??.??"]
[Round "?"]
[White "Engel, Klaus Eberhard"]
[Black "Elwert, Hans-Marcus"]
[Result "0-1"]
[WhiteElo "2455"]
[BlackElo "2680"]
[PlyCount "76"]
[EventDate "1994.??.??"]
[Source "www.chesslib.no"]
[SourceDate "2004.05.04"]

1. c4 e5 2. Nc3 Nf6 3. Nf3 Nc6 4. e4 Bb4 5. d3 d6 6. g3 Bc5 7. Bg2 Nd4 8. Nxd4 Bxd4 9. Ne2 Bb6 10. h3 c6 11. O-O Be6 12. b3 O-O 13. Bb2 Re8 14. Qc2 Nd7 15. d4 f6 16. Rad1 Qc7 17. Kh2 Bf7 18. dxe5 dxe5 19. Ba3 Qc8 20. Bd6 Nc5 21. f4 exf4 22. Nxf4 Nd7 23. c5 Bc7 24. h4 Ne5 25. Bh3 Qb8 26. Qe2 a5 27. Bxe5 Bxe5 28. Rd7 Bxf4 29. gxf4 Rd8 30. e5 Rxd7 31. Bxd7 fxe5 32. fxe5 Qc7 33. Bg4 Re8 34. Re1 Qe7 35. Qf2 Rf8 36. Qg3 Rd8 37. e6 Be8 38. Re5 Rd2+ 0-1

[Event "KNSB TCh-NED 2007-8"]
[Site "Netherlands NED"]
[Date "2008.03.08"]
[Round "7"]
[White "Reinderman, D."]
[Black "Van den Doel, E."]
[Result "1/2-1/2"]
[WhiteElo "2533"]
[BlackElo "2593"]
[PlyCount "52"]
[EventDate "2008.02.09"]
[Source "www.chesslib.no"]
[SourceDate "2004.05.04"]

1. c4 Nf6 2. Nc3 e5 3. Nf3 Nc6 4. e4 Bb4 5. d3 d6 6. g3 Bg4 7. h3 Bxf3 8. Qxf3 O-O 9. Bg2 Nd4 10. Qd1 a5 11. O-O c6 12. Kh2 Bc5 13. f4 b5 14. f5 b4 15. Ne2 a4 16. Nxd4 Bxd4 17. Rb1 Qb6 18. Qe2 Nd7 19. h4 f6 20. g4 h6 21. g5 hxg5 22. hxg5 Kf7 23. Kg3 Rh8 24. g6+ Ke7 25. Bd2 b3 26. a3 Nc5 1/2-1/2

[Event "Wenen"]
[Site "Wenen"]
[Date "1991.??.??"]
[Round "?"]
[White "Christiansen, Larry M"]
[Black "Kindermann, Stefan E S"]
[Result "1-0"]
[WhiteElo "2590"]
[BlackElo "2515"]
[PlyCount "54"]
[EventDate "1991.??.??"]
[Source "www.chesslib.no"]
[SourceDate "2004.05.04"]

1. c4 e5 2. Nc3 Nc6 3. Nf3 Nf6 4. e4 Bb4 5. d3 d6 6. g3 a6 7. Bg2 b5 8. O-O Bxc3 9. cxb5 axb5 10. bxc3 O-O 11. d4 Bg4 12. h3 Bxf3 13. Bxf3 h6 14. Bg2 Ra4 15. Be3 Re8 16. Qd3 exd4 17. cxd4 Rc4 18. Rac1 d5 19. e5 Ne4 20. a4 f5 21. axb5 Na5 22. Qa3 Kh7 23. Ra1 Kg8 24. h4 Rc3 25. Kh2 Rc2 26. h5 Re7 27. Qd3 Qf8 1-0

[Event "Vejle DEN"]
[Site "Vejle DEN"]
[Date "1994.??.??"]
[Round "4"]
[White "Sher, Miron N"]
[Black "Hansen, Curt"]
[Result "1/2-1/2"]
[WhiteElo "2520"]
[BlackElo "2580"]
[PlyCount "50"]
[EventDate "1994.??.??"]
[Source "www.chesslib.no"]
[SourceDate "2004.05.04"]

1. c4 Nf6 2. Nc3 e5 3. Nf3 Nc6 4. e4 d6 5. d3 g6 6. g3 Bg7 7. Bg2 O-O 8. O-O h6 9. Rb1 a5 10. a3 Be6 11. b4 axb4 12. axb4 Kh7 13. h3 Ne7 14. Kh2 c6 15. b5 Nd7 16. bxc6 bxc6 17. Nxe5 Nc5 18. Bd2 Ra3 19. Rb4 f5 20. d4 Nc8 21. Be1 Qh4 22. dxc5 Ra8 23. Qd3 g5 24. exf5 dxe5 25. Qd6 Nb6 1/2-1/2

[Event "ISL Ch"]
[Site "Gardabaer ISL"]
[Date "1991.??.??"]
[Round "5"]
[White "Steingrimsson, Hedinn"]
[Black "Olafsson, Helgi"]
[Result "1/2-1/2"]
[WhiteElo "2505"]
[BlackElo "2590"]
[PlyCount "50"]
[EventDate "1991.??.??"]
[Source "www.chesslib.no"]
[SourceDate "2004.05.04"]

1. c4 Nf6 2. Nc3 e5 3. Nf3 Nc6 4. e4 d6 5. d4 Bg4 6. d5 Nd4 7. Be3 Nxf3+ 8. gxf3 Bc8 9. f4 Ng4 10. Bd2 exf4 11. Bxf4 g5 12. Bg3 Bg7 13. h4 h6 14. hxg5 hxg5 15. Rxh8+ Bxh8 16. Bh3 Ne5 17. Bxc8 Rxc8 18. Qe2 Qf6 19. O-O-O Qf3 20. Bxe5 Qxe2 21. Nxe2 Bxe5 22. Rg1 Bf6 23. Ng3 Kd7 24. b3 Rh8 25. Rh1 Rxh1+ 1/2-1/2

[Event "Groningen Open"]
[Site "Groningen NED"]
[Date "1992.??.??"]
[Round "6"]
[White "Cifuentes Parada, Roberto"]
[Black "Shneider, Aleksandr"]
[Result "1/2-1/2"]
[WhiteElo "2540"]
[BlackElo "2545"]
[PlyCount "124"]
[EventDate "1992.12.??"]
[Source "www.chesslib.no"]
[SourceDate "2004.05.04"]

1. c4 Nf6 2. Nc3 e5 3. Nf3 Nc6 4. e4 Bb4 5. d3 d6 6. g3 Bc5 7. Bg2 Nd4 8. Nxd4 Bxd4 9. O-O Bg4 10. Qb3 Qc8 11. Be3 Bxe3 12. fxe3 Nd7 13. d4 O-O 14. Rf2 Be6 15. Rc1 f6 16. d5 Bg4 17. Qc2 a5 18. a3 Nb6 19. Bf1 a4 20. c5 dxc5 21. Nb5 c6 22. dxc6 Qxc6 23. Qxc5 Qxc5 24. Rxc5 Rac8 25. Rfc2 Rxc5 26. Rxc5 Rc8 27. Rxc8+ Nxc8 28. Bc4+ Kf8 29. Bd5 Nb6 30. Nd6 Nxd5 31. exd5 b6 32. Nc4 b5 33. Nd6 Bd7 34. Kf2 Ke7 35. Ne4 f5 36. Nc3 Kd6 37. e4 f4 38. Na2 fxg3+ 39. Kxg3 g5 40. Nb4 Kc5 41. Nc6 Bxc6 42. dxc6 Kxc6 43. Kg4 Kc5 44. Kxg5 Kc4 45. Kf6 Kb3 46. Kxe5 Kxb2 47. Kf6 Kxa3 48. e5 Kb3 49. e6 a3 50. e7 a2 51. e8=Q a1=Q+ 52. Kf7 Qf1+ 53. Kg7 Qd3 54. h4 Qd4+ 55. Kg8 Qc4+ 56. Kh8 b4 57. h5 h6 58. Kh7 Qf4 59. Qe6+ Kc2 60. Qxh6 Qxh6+ 61. Kxh6 b3 62. Kg7 b2 1/2-1/2

[Event "Corr"]
[Site "?"]
[Date "2000.09.25"]
[Round "?"]
[White "Van Osmael Alex"]
[Black "Cardelli Gabriel (ITA)"]
[Result "1/2-1/2"]
[WhiteElo "2510"]
[BlackElo "2561"]
[PlyCount "138"]
[EventDate "2000.??.??"]
[Source "www.chesslib.no"]
[SourceDate "2004.05.04"]

1. c4 e5 2. Nc3 Nf6 3. Nf3 Nc6 4. e4 Bc5 5. h3 O-O 6. d3 Ne8 7. g4 d6 8. Bg2 Nd4 9. Nxd4 Bxd4 10. Ne2 Bc5 11. d4 exd4 12. Nxd4 Qf6 13. Be3 Bb4+ 14. Kf1 Bc5 15. Qd3 g6 16. f4 Ng7 17. f5 Re8 18. Bf2 Bd7 19. Rd1 Bb6 20. Rd2 Rad8 21. Bf3 Qg5 22. Rg1 Qe7 23. Kg2 Qe5 24. Rgd1 Ba4 25. b3 Bd7 26. Rc2 a5 27. a4 Bc5 28. Qd2 b6 29. Qh6 Rb8 30. Be3 Qe7 31. Bc1 Bxd4 32. Rxd4 Bc6 33. Rf2 Qf8 34. Kg1 Re5 35. Bf4 Rc5 36. Rdd2 Ne8 37. Qh4 Ng7 38. Be3 Re5 39. Bd4 Rbe8 40. Rde2 f6 41. Bxe5 Rxe5 42. Qg3 g5 43. Rh2 Qe7 44. h4 Ne8 45. Qe1 Bb7 46. Qd2 Kf8 47. Qe3 Qg7 48. Rh3 Kg8 49. Reh2 Re7 50. Kf2 Bc6 51. hxg5 fxg5 52. Rh5 Qb2+ 53. Kf1 Qa1+ 54. Qe1 Qd4 55. Rxg5+ Kf8 56. Qd2 Qa1+ 57. Qd1 Qxd1+ 58. Bxd1 Nf6 59. Bf3 Bxe4 60. Rh6 Kf7 61. Bxe4 Rxe4 62. Rh3 Re5 63. Kg2 Re2+ 64. Kf3 Rb2 65. Kf4 Rf2+ 66. Kg3 Rb2 67. Kh4 Rg2 68. Re3 Rh2+ 69. Kg3 Rb2 1/2-1/2

[Event "Corr"]
[Site "?"]
[Date "1998.01.05"]
[Round "?"]
[White "Van Osmael Alex"]
[Black "Postler Reinhard (GER)"]
[Result "1-0"]
[WhiteElo "2495"]
[BlackElo "2570"]
[PlyCount "71"]
[EventDate "1998.??.??"]
[Source "www.chesslib.no"]
[SourceDate "2004.05.04"]

1. c4 e5 2. Nc3 Nf6 3. Nf3 Nc6 4. e4 Bc5 5. h3 d6 6. d3 h6 7. g3 Be6 8. Bg2 Nd4 9. Nxd4 Bxd4 10. Ne2 Bb6 11. b3 Ba5+ 12. Kf1 Bb6 13. f4 Qe7 14. Ba3 c5 15. Bb2 Bd7 16. Rc1 Bc6 17. Bf3 exf4 18. gxf4 O-O-O 19. Nc3 Rhg8 20. Nd5 Nxd5 21. cxd5 Bd7 22. h4 g5 23. hxg5 hxg5 24. f5 g4 25. f6 Qf8 26. Bg2 Rg6 27. Qd2 g3 28. Ke1 Bg4 29. Qf4 Ba5+ 30. Kf1 Kb8 31. Rxc5 Bd2 32. Qxd2 dxc5 33. Qf4+ Kc8 34. Rh4 Bd7 35. Be5 Qg8 36. Bf3 1-0

[Event "Open, Ubeda ESP"]
[Site "?"]
[Date "2001.??.??"]
[Round "2"]
[White "Del Rio Angelis, S."]
[Black "Golod, V."]
[Result "1/2-1/2"]
[WhiteElo "2470"]
[BlackElo "2590"]
[PlyCount "22"]
[EventDate "2001.??.??"]
[Source "www.chesslib.no"]
[SourceDate "2004.05.04"]

1. c4 Nf6 2. Nc3 e5 3. Nf3 Nc6 4. e4 Bc5 5. Nxe5 Nxe5 6. d4 Nxe4 7. Nxe4 Bb4+ 8. Nc3 Ng6 9. Bd3 Qe7+ 10. Be3 Bxc3+ 11. bxc3 Nf4 1/2-1/2

[Event "Elista ol (Men)"]
[Site "Elista"]
[Date "1998.10.03"]
[Round "5"]
[White "Rahman, Ziaur"]
[Black "Miladinovic, Igor"]
[Result "1/2-1/2"]
[WhiteElo "2500"]
[BlackElo "2555"]
[PlyCount "90"]
[EventDate "1998.09.29"]
[Source "ChessBase"]
[SourceDate "1998.11.06"]

1. c4 e5 2. Nc3 Nf6 3. Nf3 Nc6 4. e4 d6 5. d4 Bg4 6. d5 Nd4 7. Be3 Nxf3+ 8. gxf3 Bd7 9. f4 Ng4 10. Bd2 exf4 11. Bxf4 g5 12. Bg3 Bg7 13. Be2 Ne5 14. h4 h6 15. Qd2 a6 16. O-O-O g4 17. h5 b5 18. Rdg1 Nxc4 19. Bxc4 bxc4 20. Bf4 Bf6 21. Re1 O-O 22. Bxh6 Re8 23. Bf4 Kh7 24. h6 Be5 25. f3 gxf3 26. Reg1 Qe7 27. Bxe5 Qxe5 28. Rg7+ Kh8 29. Qe3 Rg8 30. Qxf3 Rxg7 31. hxg7+ Kxg7 32. Rh5 f5 33. Qg2+ Kf8 34. Qh3 Qf4+ 35. Kb1 Re8 36. Rh7 Ba4 37. Qg2 Qg4 38. Qxg4 fxg4 39. Nxa4 Rxe4 40. Nc3 Re1+ 41. Kc2 g3 42. Rh8+ Kf7 43. Rh7+ Kf8 44. Rh8+ Kf7 45. Rh7+ Kf8 1/2-1/2

[Event "Novi Sad (ol)"]
[Site "?"]
[Date "1990.??.??"]
[Round "?"]
[White "Cifuentes Parada, R."]
[Black "Groszpeter, A."]
[Result "1-0"]
[WhiteElo "2480"]
[BlackElo "2555"]
[PlyCount "101"]
[EventDate "1990.??.??"]
[Source "ChessBase"]
[SourceDate "1990.07.01"]

1. c4 e5 2. Nc3 Nf6 3. Nf3 Nc6 4. e4 Bb4 5. d3 d6 6. g3 O-O 7. Bg2 Ne8 8. O-O Bxc3 9. bxc3 f5 10. exf5 Bxf5 11. Nh4 Be6 12. Rb1 Rb8 13. f4 exf4 14. Bxf4 Qd7 15. Qa4 Nf6 16. Bg5 Ne5 17. Qxa7 Nxd3 18. Bxf6 gxf6 19. Rxb7 Rxb7 20. Qxb7 Nc5 21. Qb1 Bxc4 22. Rf4 Qe6 23. h3 Bd3 24. Qc1 f5 25. a4 Be4 26. Bxe4 Nxe4 27. Qe3 Qd5 28. Nxf5 Rxf5 29. Qxe4 Qd1+ 30. Kh2 Qd2+ 31. Qg2 Qxg2+ 32. Kxg2 Rc5 33. Rf2 Rxc3 34. Ra2 Rb3 35. a5 Kf7 36. a6 Rb8 37. a7 Ra8 38. Kf3 Kf6 39. Ke4 c6 40. Ra6 Kg5 41. Kd4 Kf5 42. Ra5+ Ke6 43. g4 Kf6 44. h4 h6 45. Kc4 Ke6 46. Kb4 Kd7 47. Ra6 Kc7 48. g5 hxg5 49. hxg5 Kb7 50. Ra1 Kb6 51. g6 1-0

[Event "Groningen Open"]
[Site "Groningen NED"]
[Date "1990.??.??"]
[Round "2"]
[White "Cifuentes Parada, Roberto"]
[Black "Epishin, Vladimir V"]
[Result "0-1"]
[WhiteElo "2480"]
[BlackElo "2550"]
[PlyCount "74"]
[EventDate "1990.12.??"]
[Source "www.chesslib.no"]
[SourceDate "2004.05.04"]

1. c4 Nf6 2. Nc3 e5 3. Nf3 Nc6 4. e4 Bb4 5. d3 h6 6. g3 O-O 7. Bg2 d6 8. O-O Bc5 9. h3 Nd4 10. Nxd4 Bxd4 11. Kh2 Nh7 12. Qe2 c6 13. Be3 Qb6 14. Rae1 Bd7 15. Qd2 Rae8 16. f4 Bxe3 17. Rxe3 exf4 18. gxf4 f5 19. d4 fxe4 20. Nxe4 Qc7 21. c5 dxc5 22. dxc5 Rxf4 23. Nd6 Rxf1 24. Bxf1 Ng5 25. Bc4+ Kh8 26. Qe2 Rxe3 27. Qxe3 Be6 28. h4 Nf3+ 29. Qxf3 Bxc4 30. Qf8+ Kh7 31. b3 Bd5 32. Qf5+ Kg8 33. h5 b5 34. Kg3 a5 35. Kf4 b4 36. Qe5 Qd8 37. Nf5 Qg5# 0-1

[Event "Garmisch"]
[Site "Garmisch"]
[Date "1994.??.??"]
[Round "4"]
[White "Landenbergue, Claude"]
[Black "Lutz, Christopher"]
[Result "1/2-1/2"]
[WhiteElo "2450"]
[BlackElo "2580"]
[PlyCount "80"]
[EventDate "1994.??.??"]
[Source "ChessBase"]

1. c4 e5 2. Nc3 Nf6 3. Nf3 Nc6 4. e4 Bb4 5. d3 d6 6. g3 h6 7. Bg2 Bg4 8. h3 Bxf3 9. Bxf3 a6 10. O-O Bc5 11. Bg2 Nd4 12. Kh2 h5 13. Ne2 h4 14. Nxd4 Bxd4 15. Bg5 Kd7 16. Qf3 c6 17. Rab1 Kc7 18. b4 b6 19. a4 a5 20. b5 c5 21. Qf5 Qe7 22. Rbc1 Raf8 23. Bxf6 gxf6 24. Bf3 Rfg8 25. Bg4 Rg5 26. Qf3 Rg6 27. Kg2 Rg5 28. Qe2 Rg6 29. Qf3 Rg5 30. Rfd1 Rg6 31. Kf1 Qf8 32. Ke2 Qh6 33. Rf1 Qg5 34. Kd1 Bb2 35. Rc2 Bd4 36. Re2 Bc3 37. Kc2 Bd4 38. Qg2 Qh6 39. Qf3 Qg5 40. Ree1 Rg7 1/2-1/2

[Event "Corr"]
[Site "?"]
[Date "2000.09.25"]
[Round "?"]
[White "Van Osmael Alex"]
[Black "Kukk Raul (EST)"]
[Result "0-1"]
[WhiteElo "2510"]
[BlackElo "2496"]
[PlyCount "98"]
[EventDate "2000.??.??"]
[Source "www.chesslib.no"]
[SourceDate "2004.05.04"]

1. c4 e5 2. Nc3 Nf6 3. Nf3 Nc6 4. e4 Bb4 5. d3 d6 6. h3 O-O 7. Bg5 h6 8. Be3 Bc5 9. g4 Nh7 10. Bg2 Re8 11. Qd2 Nf8 12. g5 Bxe3 13. fxe3 hxg5 14. Rg1 Re6 15. O-O-O Rh6 16. Bf1 f6 17. Rg3 Ng6 18. Kb1 Bd7 19. Rc1 Qc8 20. Ng1 Nce7 21. Rf3 c5 22. Rf2 a6 23. a3 b6 24. Qd1 Rb8 25. b4 Be6 26. Rb2 b5 27. Nd5 Qd7 28. Qd2 bxc4 29. dxc4 Kf7 30. b5 axb5 31. cxb5 Nxd5 32. exd5 Bf5+ 33. Ka2 Ne7 34. Qd1 Be4 35. Bc4 Nc8 36. Ka1 Nb6 37. a4 Ra8 38. Ra2 Ra5 39. Qd2 Qa7 40. Bb3 Qa8 41. Ne2 Bxd5 42. Qxd5+ Nxd5 43. Nc3 Qa7 44. Bxd5+ Kg6 45. Bg2 c4 46. e4 Rh8 47. Kb1 Qd4 48. Bf1 Rh4 49. Bg2 g4 0-1

[Event "Corr"]
[Site "?"]
[Date "1998.01.05"]
[Round "?"]
[White "Van Osmael Alex"]
[Black "Geist Dr. Helmut (GER)"]
[Result "1/2-1/2"]
[WhiteElo "2495"]
[BlackElo "2505"]
[PlyCount "116"]
[EventDate "1998.??.??"]
[Source "www.chesslib.no"]
[SourceDate "2004.05.04"]

1. c4 e5 2. Nc3 Nf6 3. Nf3 Nc6 4. e4 Bb4 5. d3 d6 6. h3 Bc5 7. g3 Be6 8. Bg2 h6 9. a3 a5 10. Rb1 Nd4 11. Nxd4 Bxd4 12. Ne2 Ba7 13. b3 O-O 14. f4 Re8 15. f5 Bd7 16. g4 d5 17. exd5 c6 18. g5 hxg5 19. Bxg5 Qb6 20. Rf1 cxd5 21. Bxf6 Qxf6 22. Bxd5 Bc6 23. Nc3 Bd4 24. Ne4 Qh4+ 25. Kd2 Bxd5 26. cxd5 Qh6+ 27. Ke1 Red8 28. d6 Bc5 29. f6 g6 30. Qd2 Qh4+ 31. Kd1 Bxd6 32. a4 Qxh3 33. Ke2 Qh5+ 34. Kf2 Bb4 35. Qe3 Rac8 36. Kg3 Rc2 37. Rh1 Re2 38. Qf3 Qxf3+ 39. Kxf3 Rc2 40. Rbd1 Rd4 41. Rh3 Ba3 42. Ke3 Bc1+ 43. Kf3 Bf4 44. Rh4 Rc1 45. Rxc1 Bxc1 46. Ke2 Rb4 47. Kd1 Bf4 48. Kc2 Rb6 49. Rh1 g5 50. Rg1 Rc6+ 51. Kb2 Re6 52. Rh1 Rb6 53. Kc3 Rc6+ 54. Kb2 Be3 55. Rh3 Bc1+ 56. Kb1 Bf4 57. Rh1 g4 58. Kb2 Rb6 1/2-1/2

[Event "John F Cleeve Memorial"]
[Site "?"]
[Date "1996.07.15"]
[Round "?"]
[White "Engel Klaus Eberhard"]
[Black "Hiltunen Reijo"]
[Result "1/2-1/2"]
[WhiteElo "2465"]
[BlackElo "2535"]
[PlyCount "118"]
[EventDate "1996.??.??"]
[Source "www.chesslib.no"]
[SourceDate "2004.05.04"]

1. c4 Nf6 2. Nc3 e5 3. Nf3 Nc6 4. e4 Bb4 5. d3 d6 6. g3 Bc5 7. Bg2 Nd4 8. Nxd4 Bxd4 9. Ne2 Bb6 10. h3 O-O 11. O-O c6 12. b3 Re8 13. Qc2 Qe7 14. Ba3 Bc5 15. Bxc5 dxc5 16. f4 Nd7 17. f5 Nf6 18. g4 h6 19. Rf3 Nh7 20. Raf1 f6 21. h4 Bd7 22. Rg3 b5 23. Kh2 a5 24. Ng1 a4 25. Nh3 axb3 26. axb3 Ra3 27. Rb1 Rea8 28. Rb2 Be8 29. Bf3 Ra1 30. Qd2 Rd8 31. Be2 Rda8 32. Bd1 Qd8 33. Bc2 Qa5 34. b4 Qa3 35. Bb3 bxc4 36. Bxc4+ Bf7 37. Bxf7+ Kxf7 38. bxc5 Qxc5 39. g5 hxg5 40. hxg5 Nf8 41. gxf6 gxf6 42. Qh6 R8a2 43. Rg7+ Ke8 44. Qd2 Ra8 45. Nf2 R1a7 46. Rc2 Qd6 47. Qh6 Ra2 48. Qc1 Kd8 49. Kg2 Rxc2 50. Qxc2 Rb8 51. Qa2 Nd7 52. Qe6 Kc7 53. Qxd6+ Kxd6 54. Ng4 Rf8 55. Kf3 Nc5 56. Ke3 Nd7 57. Kd2 Nc5 58. Rh7 Nd7 59. Nh6 Re8 1/2-1/2

[Event "Basel SUI"]
[Site "Basel SUI"]
[Date "1986.??.??"]
[Round "?"]
[White "Bukal, Vladimir sr"]
[Black "Campora, Daniel H"]
[Result "1-0"]
[WhiteElo "2465"]
[BlackElo "2530"]
[PlyCount "47"]
[EventDate "1986.??.??"]
[Source "www.chesslib.no"]
[SourceDate "2004.05.04"]

1. c4 e5 2. Nc3 Nf6 3. Nf3 Nc6 4. e4 Bc5 5. Nxe5 Nxe5 6. d4 Bb4 7. dxe5 Nxe4 8. Qd4 f5 9. exf6 Bxc3+ 10. bxc3 Nxf6 11. c5 O-O 12. Bc4+ Kh8 13. O-O b6 14. Bg5 Bb7 15. Rfe1 bxc5 16. Qxc5 d6 17. Qd4 Qd7 18. Rab1 c5 19. Qh4 h6 20. Re6 Ng8 21. Bf4 d5 22. Rd6 Qa4 23. Bxh6 Qxc4 24. Bf4+ 1-0

[Event "Cannes op2"]
[Site "Cannes"]
[Date "1993.??.??"]
[Round "?"]
[White "Kosten, Anthony C"]
[Black "Cebalo, Miso"]
[Result "1-0"]
[WhiteElo "2505"]
[BlackElo "2485"]
[PlyCount "111"]
[EventDate "1993.??.??"]
[Source "www.chesslib.no"]
[SourceDate "2004.05.04"]

1. c4 e5 2. Nc3 Nf6 3. Nf3 Nc6 4. e4 Bb4 5. d3 Bxc3+ 6. bxc3 d6 7. g3 a6 8. a4 Rb8 9. Bg2 Bg4 10. h3 Bxf3 11. Qxf3 b5 12. axb5 axb5 13. Ra6 Ne7 14. cxb5 Rxb5 15. O-O O-O 16. d4 Nd7 17. Qd3 Qb8 18. Be3 Rb3 19. Qc4 Rb2 20. Rfa1 Rb1+ 21. Rxb1 Qxb1+ 22. Kh2 Rc8 23. Qa2 Qxa2 24. Rxa2 Kf8 25. Bf1 Ke8 26. Kg2 Kd8 27. dxe5 Nxe5 28. f4 Nd7 29. g4 f6 30. h4 h6 31. Kf3 Rb8 32. Bc4 Ng6 33. Kg3 Ngf8 34. Ra5 Rb2 35. Ra8+ Ke7 36. Ra3 Rc2 37. Bd3 Rb2 38. Ra7 Rb3 39. Rxc7 Ne6 40. Rc4 Nec5 41. Bc2 Ra3 42. e5 fxe5 43. fxe5 Ra2 44. exd6+ Kxd6 45. Bf5 Ra3 46. h5 Kd5 47. Rd4+ Kc6 48. Bxd7+ Nxd7 49. Rc4+ Kd5 50. Rc7 Kd6 51. Rc8 Nf6 52. Bc5+ Kd7 53. Bxa3 Kxc8 54. c4 Kd7 55. Bb2 Ne8 56. Bd4 1-0

[Event "John F Cleeve Memorial"]
[Site "?"]
[Date "1996.07.15"]
[Round "?"]
[White "Engel Klaus Eberhard"]
[Black "Kozlowicz Alejandro Antonio ("]
[Result "1-0"]
[WhiteElo "2465"]
[BlackElo "2515"]
[PlyCount "123"]
[EventDate "1996.??.??"]
[Source "www.chesslib.no"]
[SourceDate "2004.05.04"]

1. c4 e5 2. Nc3 Nf6 3. Nf3 Nc6 4. e4 Bb4 5. d3 O-O 6. g3 d6 7. Bg2 Bg4 8. h3 Bxf3 9. Bxf3 Nd4 10. Bg2 a5 11. O-O Bc5 12. Kh2 Nd7 13. f4 f6 14. f5 Kh8 15. h4 c6 16. g4 b5 17. g5 bxc4 18. dxc4 Nb6 19. b3 a4 20. Rb1 axb3 21. axb3 Bb4 22. Ne2 c5 23. Ng3 fxg5 24. Bxg5 Qe8 25. f6 g6 26. Bh6 Rf7 27. Rf2 Nd7 28. Qf1 Nf8 29. h5 Nfe6 30. Ne2 gxh5 31. Nxd4 cxd4 32. Bh3 Nf4 33. Qg1 Qg8 34. Qxg8+ Rxg8 35. Bxf4 exf4 36. Be6 Rxf6 37. Bxg8 Kxg8 38. Kg2 d3 39. Kf3 d2 40. Rh2 Rh6 41. Kxf4 Kg7 42. Rh4 Bc5 43. Kf3 Bb4 44. Ke3 Kf7 45. Kd3 Kg7 46. Kc2 Re6 47. Rxh5 Rxe4 48. Rb5 Re1 49. Rd1 Bc3 50. Rb6 h5 51. Rxd6 h4 52. Rd3 Bb4 53. R1xd2 Bxd2 54. Kxd2 Rh1 55. c5 h3 56. c6 h2 57. Rh3 Ra1 58. c7 Ra8 59. Rxh2 Rc8 60. b4 Rxc7 61. Kd3 Kf6 62. Re2 1-0

[Event "Cannes op"]
[Site "Cannes"]
[Date "1998.??.??"]
[Round "1"]
[White "Bukal, Vladimir Jr"]
[Black "Romanishin, Oleg M"]
[Result "1/2-1/2"]
[WhiteElo "2400"]
[BlackElo "2570"]
[PlyCount "40"]
[EventDate "1998.02.21"]
[Source "ChessBase"]
[SourceDate "1998.04.29"]

1. c4 e5 2. Nc3 Nf6 3. Nf3 Nc6 4. e4 d6 5. d4 Bg4 6. d5 Nd4 7. Be2 Nxe2 8. Qxe2 Be7 9. O-O O-O 10. h3 Bd7 11. Rd1 b6 12. Be3 a5 13. b3 g6 14. a3 Nh5 15. b4 f5 16. exf5 Rxf5 17. Ne4 Nf4 18. Bxf4 Rxf4 19. Nfd2 Qf8 20. Qe3 Qf7 1/2-1/2